000 00488nab a2200145Ia 4500
003 ES-SlBCS
005 20210601145228.0
008 140529s1974 xxu||||| |||| 00| 0 spa d
041 _aspa
100 1 _aLafuente Ferrari, Enrique
_932476
245 0 0 _aUn Picazo, pintor malagueño del siglo XIX y unas cartas de Sabartés
_c Enrique Lafuente Ferrari
600 1 4 _aPicazo, Juan
_9309525
773 0 _tRevista de Occidente
_gvol. 45, nº. 135-136, 1974, págs. 449-458
_wRev399
942 _cAR
999 _c721420
_d721420